Statistics for Who Starred in that Movie Quiz #10

Click here to take the quiz!

General Stats

  • This quiz has been taken 37,194 times
    (2,770 since last reset)
  • The average score is 14 of 20

Answer Stats

MoviesStar% Correct
The Matrix, Speed, Point BreakKeanu Reeves
95%
Edward Scissorhands, Donnie Brasco, Fear and Loathing in Las VegasJohnny Depp
92%
Miss Congeniality, Speed, The Blind SideSandra Bullock
88%
Happy Gilmore, The Waterboy, Uncut GemsAdam Sandler
84%
There's Something About Mary, Shrek, Charlie's AngelsCameron Diaz
81%
Goodfellas, Home Alone, The IrishmanJoe Pesci
75%
Transformers, Jennifer's Body, Teenage Mutant Ninja TurtlesMegan Fox
70%
Superbad, The Wolf of Wall Street, 21 Jump StreetJonah Hill
69%
True Lies, Halloween, A Fish Called WandaJamie Lee Curtis
67%
Dick Tracy, A League of Their Own, EvitaMadonna
66%
Ghost, G.I. Jane, Indecent ProposalDemi Moore
65%
The Big Lebowski, TRON, True Grit (2010)Jeff Bridges
65%
Chicago, Traffic, The Mask of ZorroCatherine Zeta-Jones
61%
A Quiet Place, Oppenheimer, The Adjustment BureauEmily Blunt
60%
Boyz n the Hood, Jerry Maguire, Pearl Harbor,Cuba Gooding Jr.
55%
Crash, Hotel Rwanda, Iron Man 2Don Cheadle
55%
Gattaca, Training Day, Before SunsetEthan Hawke
55%
The Royal Tenenbaums, The French Connection, SupermanGene Hackman
55%
Dumb & Dumber, Gettysburg, The Squid and the WhaleJeff Daniels
48%
Bonnie and Clyde, Dick Tracy, BulworthWarren Beatty
45%

Score Distribution

Percentile by Number Answered

Percent of People with Each Score

Your Score History

You have not taken this quiz since the last reset